Principios de Química / (Record no. 56572)

MARC details
000 -LEADER
campo de control de longitud fija 00797nam a2200217 i 4500
001 - NÚMERO DE CONTROL
campo de control 56572
003 - IDENTIFICADOR DE NÚMERO DE CONTROL
campo de control ES-MaACL
005 - FECHA Y HORA DE LA ÚLTIMA TRANSACCIÓN
campo de control 20230906163413.0
007 - CAMPO FIJO DE DESCRIPCIÓN FÍSICA--INFORMACIÓN GENERAL
campo de control de longitud fija t|
008 - DATOS DE LONGITUD FIJA--INFORMACIÓN GENERAL
campo de control de longitud fija 031010s1983 sp ||||1| spa d
100 1# - ENTRADA PRINCIPAL--NOMBRE DE PERSONA
Nombre de persona Dickerson, Richard E.
9 (RLIN) 44491
245 10 - MENCIÓN DEL TÍTULO
Título Principios de Química /
Mención de responsabilidad, etc. Richard E. Dickerson, Harry B. Gray, Gilbert P. Haight ; [versión por José Galvéz Flores y Gregorio López López ; revisada por Vicente Iranzo Rubio].
260 ## - PUBLICACIÓN, DISTRIBUCIÓN, ETC.
Lugar de publicación, distribución, etc. Barcelona :
Nombre del editor, distribuidor, etc. Reverté,
Fecha de publicación, distribución, etc. [1983]
300 ## - DESCRIPCIÓN FÍSICA
Extensión 1 t. en 2 v. :
Otras características físicas il. ;
Dimensiones 24 cm.
700 1# - ENTRADA AGREGADA--NOMBRE PERSONAL
Nombre de persona Gray, Harry B.
9 (RLIN) 59797
700 1# - ENTRADA AGREGADA--NOMBRE PERSONAL
Nombre de persona Haight, Gilbert P.
9 (RLIN) 61487
700 1# - ENTRADA AGREGADA--NOMBRE PERSONAL
Nombre de persona Galvéz Flores, José.
9 (RLIN) 53719
700 1# - ENTRADA AGREGADA--NOMBRE PERSONAL
Nombre de persona Iranzo Rubio, Vicente.
9 (RLIN) 65418
700 1# - ENTRADA AGREGADA--NOMBRE PERSONAL
Nombre de persona López López, Gregorio.
9 (RLIN) 73732
852 ## - LOCALIZACIÓN
Ubicación ES-MaACL
Número de control de estantería L-7094-5
Sublocalización o colección R.107889
Holdings
Estatus retirado Estado de pérdida Estado de daño No para préstamo Biblioteca de origen Biblioteca actual Ubicación en estantería Fecha de adquisición Fuente de adquisición Total de préstamos Signatura topográfica completa Código de barras Visto por última vez Precio de reemplazo Tipo de ítem Koha
        Biblioteca del Ateneo de Madrid Biblioteca del Ateneo de Madrid Depósito 2 17/01/2008     L-7094-5 1059412 23/02/2023 23/02/2023 Libro impreso